| 000 | 00369nam a2200133Ia 4500 | ||
|---|---|---|---|
| 001 | 4321 | ||
| 008 | 241024s9999 xx 000 0 und d | ||
| 082 | _aRD/375/R426d/2014/1 | ||
| 100 | _aRepública Dominicana. Ministerio de Educación | ||
| 245 | 0 | _aDiseño Curricular. Nivel Inicial | |
| 260 |
_bSanto Domingo _c2014 |
||
| 901 | _a31/8/2016 9:09:37 a.m. | ||
| 999 |
_c8412 _d8412 |
||